"A" Cities in the United States - Statistics

General Stats
  • This quiz has been taken 122 times
  • The average score is 14 of 20
Answer Stats
State Population Answer % Correct
Texas 961,855 Austin
99%
New Mexico 564,559 Albuquerque
98%
Georgia 498,715 Atlanta
97%
Alaska 291,247 Anchorage
92%
California 346,824 Anaheim
82%
Texas 394,266 Arlington
79%
Virginia 238,643 Arlington
79%
Ohio 190,469 Akron
77%
Colorado 386,261 Aurora
75%
Illinois 180,542 Aurora
75%
Texas 200,393 Amarillo
71%
Michigan 123,851 Ann Arbor
71%
Texas 104,627 Allen
66%
Georgia 202,081 Augusta
66%
Pennsylvania 125,845 Allentown
64%
Virginia 159,467 Alexandria
57%
Georgia 127,315 Athens
56%
Texas 125,182 Abilene
43%
Colorado 124,402 Arvada
37%
California 115,291 Antioch
21%
No matching quizzes found
Score Distribution
Percent of People with Each Score
Percentile by Number Answered
Your Score History
You have not taken this quiz